The Estate gazette Digest of Cases 1938

Bibliographic Details
Other Authors: McIntyre, Donald (Editor)
Format: Book
Published: London : The Estatess Gazette Ltd. 1939
Subjects:

MARC

LEADER 00000cam a2200000 7i4500
001 0000008372
005 20241003.0
008 010128s1939 enk eng
040 |a INS   |b eng   |e rda 
090 0 0 |a KD825.3   |b .E88 1939 
245 1 4 |a The Estate gazette Digest of Cases 1938   |c edited by Donald McIntyre 
264 1 |a London :   |b The Estatess Gazette Ltd.   |c 1939 
300 |a xv, 371 pages ;   |c 22 cm. 
336 |a text  |2 rdacontent 
337 |a unmediated  |2 rdamedia 
338 |a volume  |2 rdacarrier 
500 |a Includes index 
650 0 |a Landlord and tenant   |z Great Britain   |v Cases 
650 0 |a Real property   |z Great Britain   |v Cases 
700 1 |a McIntyre, Donald ,   |e editor 
999 |a 0000022359   |b BOOK   |c Open Shelf   |e Default branch